| 000 | 00696cam a2200193 i 4500 | ||
|---|---|---|---|
| 005 | 20251108172451.0 | ||
| 008 | 250721s2000 ua gr 000 0 ara d | ||
| 020 | _a9772386992 | ||
| 082 | 1 | 4 |
_a011 _bع و د |
| 100 | 1 |
_aعودة، محمد مكاوي _eمعد. |
|
| 245 | 1 | 0 |
_aببليوجرافيات : _bعلم وتطبيق / _cاعداد محمد مكاوى عودة. |
| 250 | _aالطبعة الاولى. | ||
| 264 | 3 | 1 |
_aالقاهرة : _bدار الكتاب المصري، _c2000. |
| 264 | 3 | 1 |
_aبيروت : _bدار الكتاب اللبنانى، _c2000. |
| 300 | _a135 صفحة. | ||
| 650 | 1 | 7 | _aالببليوغرافيات. |
| 942 |
_2ddc _cBK |
||
| 999 |
_c80081 _d80081 |
||